00371nam a2200145Ia 4500003000400000005001700004008004000021040000700061041001200068082001300080100003800093245005200131260003400183300000800217OSt20250307093019.0210210b1974 xxu||||| |||| 00| 0 eng d cAL aEnglish a425 PINE aPINK (M Alderton) & THOMAS (S E). aEnglish grammar composition and correspondence. aBerksbDonnington pressc1974 a408